[Event "EU Union-ch U14"]
[Site "Kouty nad Desnou"]
[Date "2023.08.22"]
[Round "7"]
[White "Haapsal, Maria Ioanna"]
[Black "Ser, Daniel"]
[Result "1/2-1/2"]
[WhiteElo "1508"]
[BlackElo "1850"]
[PlyCount "99"]
[EventDate "2023.08.16"]
[EventType "swiss"]
[EventRounds "9"]
[EventCountry "CZE"]
[SourceTitle "EXT 2024"]
[Source "ChessBase"]
[SourceDate "2023.10.10"]
[SourceVersion "1"]
[SourceVersionDate "2023.10.10"]
[SourceQuality "1"]

1. e4 c6 2. d4 d5 3. Nc3 dxe4 4. Nxe4 Nf6 5. Nxf6+ exf6 6. c3 Bd6 7. Bd3 0-0 8. Ne2 Re8 9. Qc2 h5 10. Be3 Nd7 11. 0-0-0 Nf8 12. Ng3 g6 13. Ne4 f5 14. Nxd6 Qxd6 15. Qd2 Ne6 16. g3 b5 17. Be2 Qd5 18. Kb1 f4 19. Bxf4 Nxf4 20. gxf4 a5 21. Rhg1 a4 22. Rg5 Rxe2 23. Qxe2 Bf5+ 24. Ka1 f6 25. Rg3 Be6 26. c4 Qxc4 27. Qxc4 Bxc4 28. Rxg6+ Kf7 29. Rg3 Ke6 30. Re1+ Kf5 31. Kb1 h4 32. Rg7 Kxf4 33. Re3 Bd5 34. h3 Rh8 35. Rg4+ Kf5 36. b3 axb3 37. axb3 Rh7 38. Kb2 Rh8 39. Re7 Bf3 40. Rgg7 Rd8 41. Re3 Bh1 42. Rg4 Rh8 43. f3 b4 44. Re1 Bg2 45. Rxg2 Rd8 46. Rg4 c5 47. dxc5 Rd2+ 48. Kb1 Rb2+ 49. Kc1 Rc2+ 50. Kxc2 1/2-1/2

[Event "Riga Tech Rapid op"]
[Site "Riga"]
[Date "2023.08.06"]
[Round "6"]
[White "Rychagov, Nikita1111"]
[Black "Ser, Daniel"]
[Result "0-1"]
[WhiteElo "2201"]
[BlackElo "1850"]
[PlyCount "102"]
[EventDate "2023.08.06"]
[EventType "swiss (rapid)"]
[EventRounds "9"]
[EventCountry "LAT"]
[SourceTitle "CBM 215 Extra"]
[Source "ChessBase"]
[SourceDate "2023.09.30"]
[SourceVersion "1"]
[SourceVersionDate "2023.09.30"]
[SourceQuality "1"]

1. e4 c6 2. d4 d5 3. e5 c5 4. dxc5 e6 5. Bd3 Bxc5 6. Qg4 Ne7 7. b4 Bb6 8. Nf3 h5 9. Qf4 g6 10. Nc3 Bd7 11. Bb2 Nf5 12. Nxd5 exd5 13. e6 Bxe6 14. Bxh8 Nc6 15. Bc3 Bc7 16. Qg5 Qd6 17. Qf6 Rd8 18. b5 Nb4 19. Bxf5 Bxf5 20. 0-0 Nxc2 21. Rad1 Be4 22. Qxd6 Bxd6 23. Nd4 Nxd4 24. Bxd4 b6 25. Rc1 Kd7 26. a4 Re8 27. Rfe1 Re7 28. Rc6 Bd3 29. Rxe7+ Bxe7 30. f3 Bc4 31. Kf2 Bd6 32. g3 Be7 33. Ke3 Bd8 34. Be5 a6 35. Bf6 axb5 36. axb5 Bxb5 37. Bxd8 Kxc6 38. Kd4 Be2 39. f4 Bg4 40. h4 Be6 41. Be7 Kb5 42. Kc3 Ka4 43. Kd4 b5 44. Kc3 b4+ 45. Kb2 d4 46. Bf6 d3 47. Kc1 Kb3 48. Kd2 Bf5 49. Bd4 Ka2 50. Be5 b3 51. Kc1 b2+ 0-1

[Event "Riga Tech Rapid op"]
[Site "Riga"]
[Date "2022.08.14"]
[Round "9"]
[White "Torngren, Gustav"]
[Black "Ser, Daniel"]
[Result "1/2-1/2"]
[WhiteElo "2247"]
[BlackElo "1770"]
[PlyCount "92"]
[EventDate "2022.08.14"]
[EventType "swiss (rapid)"]
[EventRounds "9"]
[EventCountry "LAT"]
[SourceTitle "CBM 209 Extra"]
[Source "ChessBase"]
[SourceDate "2022.09.30"]
[SourceVersion "1"]
[SourceVersionDate "2022.09.30"]
[SourceQuality "1"]

1. c4 Nf6 2. Nc3 g6 3. d4 Bg7 4. e4 d6 5. Nf3 0-0 6. Be2 e5 7. dxe5 dxe5 8. Qxd8 Rxd8 9. Bg5 c6 10. Nxe5 Re8 11. 0-0-0 Nxe4 12. Nxe4 Bxe5 13. Nd6 Bxd6 14. Rxd6 Be6 15. Rhd1 Na6 16. Bf6 Nc5 17. f3 a5 18. b3 Bf5 19. Bf1 Na6 20. a3 Re6 21. Rd8+ Re8 22. Rxa8 Rxa8 23. Rd8+ Rxd8 24. Bxd8 a4 25. bxa4 Nc5 26. a5 Kf8 27. Bb6 Nd3+ 28. Kd2 Ne5 29. c5 Bc8 30. Kc3 Ke7 31. Kd4 Nd7 32. a4 Nf8 33. Kc4 Ne6 34. Kb4 Kd7 35. a6 bxa6 36. Ka5 Nd4 37. Bxa6 Nb3+ 38. Kb4 Bxa6 39. Kxb3 h5 40. h4 Be2 41. Ba5 Bd1+ 42. Ka3 Ke6 43. Bc7 Kd5 44. Kb4 Be2 45. a5 Kd4 46. Bf4 Ba6 1/2-1/2

[Event "Panevezys op-B"]
[Site "Panevezys"]
[Date "2022.07.02"]
[Round "5"]
[White "Ser, Daniel"]
[Black "Aleksandravicius, Darius"]
[Result "1-0"]
[WhiteElo "1696"]
[BlackElo "1663"]
[PlyCount "97"]
[EventDate "2022.07.01"]
[EventType "swiss"]
[EventRounds "7"]
[EventCountry "LTU"]
[SourceTitle "EXT 2023"]
[Source "ChessBase"]
[SourceDate "2022.10.05"]
[SourceVersion "1"]
[SourceVersionDate "2022.10.05"]
[SourceQuality "1"]

1. d4 Nf6 2. Bf4 d6 3. Nc3 g6 4. e4 Bg7 5. Qd2 0-0 6. 0-0-0 c6 7. Bh6 Bxh6 8. Qxh6 Ng4 9. Qd2 f5 10. f3 Nf6 11. Bd3 fxe4 12. fxe4 Bg4 13. Nge2 Nbd7 14. h3 Bxe2 15. Nxe2 e5 16. c3 d5 17. exd5 cxd5 18. dxe5 Nxe5 19. Bc2 Nc4 20. Qd4 Qb6 21. Bb3 Qxd4 22. Rxd4 Nb6 23. Nf4 Rae8 24. Rhd1 Kg7 25. Nxd5 Nfxd5 26. Bxd5 Nxd5 27. Rxd5 Re2 28. R1d2 Rff2 29. Rxe2 Rxe2 30. Rd2 Re7 31. Kd1 Kf6 32. Re2 Rd7+ 33. Ke1 h5 34. Re3 Kf5 35. g3 g5 36. Ke2 b5 37. Rd3 Re7+ 38. Kf2 Re5 39. Rd6 g4 40. h4 a5 41. b3 Rc5 42. Rd3 Ke4 43. Re3+ Kf5 44. Ke2 Rd5 45. c4 bxc4 46. bxc4 Rd4 47. Rc3 Ke6 48. c5 Kd7 49. Rd3 1-0

[Event "Kaspersky op U16"]
[Site "Tornelo INT"]
[Date "2021.04.02"]
[Round "5"]
[White "Kasperovich, Mikhail"]
[Black "Ser, Daniel"]
[Result "1-0"]
[WhiteElo "1423"]
[BlackElo "1347"]
[PlyCount "67"]
[EventDate "2021.04.02"]
[EventType "swiss (blitz)"]
[EventRounds "11"]
[EventCountry "RUS"]
[SourceTitle "CBM 201 Extra"]
[Source "ChessBase"]
[SourceDate "2021.05.31"]
[SourceVersion "1"]
[SourceVersionDate "2021.05.31"]
[SourceQuality "1"]

1. e4 e6 2. d4 d5 3. Nc3 Bb4 4. e5 c5 5. a3 Bxc3+ 6. bxc3 Ne7 7. Qg4 Qc7 8. Qxg7 Rg8 9. Qxh7 cxd4 10. Qd3 Qxe5+ 11. Ne2 dxc3 12. Qxc3 Qxc3+ 13. Nxc3 Bd7 14. h4 Na6 15. h5 Rc8 16. Nb5 Bxb5 17. Bxb5+ Nc6 18. h6 f6 19. Rb1 Nc5 20. Be3 Ne4 21. Bxc6+ bxc6 22. h7 Rh8 23. Rb7 Nd6 24. Rg7 Nf7 25. Bc5 e5 26. Rh6 Nxh6 27. Re7+ Kd8 28. Rxa7 Nf5 29. g4 Nd4 30. Be7+ Ke8 31. Bxf6 Rf8 32. Re7+ Kd8 33. Rf7+ Ke8 34. Rxf8+ 1-0

[Event "Kaspersky op U16"]
[Site "Tornelo INT"]
[Date "2021.04.02"]
[Round "9"]
[White "Molochnikov, Mikhail"]
[Black "Ser, Daniel"]
[Result "0-1"]
[WhiteElo "1331"]
[BlackElo "1347"]
[PlyCount "40"]
[EventDate "2021.04.02"]
[EventType "swiss (blitz)"]
[EventRounds "11"]
[EventCountry "RUS"]
[SourceTitle "CBM 201 Extra"]
[Source "ChessBase"]
[SourceDate "2021.05.31"]
[SourceVersion "1"]
[SourceVersionDate "2021.05.31"]
[SourceQuality "1"]

1. d4 f5 2. c4 Nf6 3. Nc3 g6 4. Bg5 Bg7 5. e3 0-0 6. Nf3 d6 7. Bd3 Qe8 8. Bxf6 Bxf6 9. 0-0 e5 10. dxe5 dxe5 11. e4 f4 12. Nd2 c6 13. f3 Be7 14. a3 Bc5+ 15. Kh1 g5 16. Ne2 Rf6 17. b4 Be3 18. c5 Qh5 19. Nc4 Qxh2+ 20. Kxh2 Rh6# 0-1

[Event "Kaspersky op U16"]
[Site "Tornelo INT"]
[Date "2021.04.02"]
[Round "2"]
[White "Ser, Daniel"]
[Black "Caku, Kler"]
[Result "0-1"]
[WhiteElo "1347"]
[BlackElo "1199"]
[PlyCount "110"]
[EventDate "2021.04.02"]
[EventType "swiss (blitz)"]
[EventRounds "11"]
[EventCountry "RUS"]
[SourceTitle "CBM 201 Extra"]
[Source "ChessBase"]
[SourceDate "2021.05.31"]
[SourceVersion "1"]
[SourceVersionDate "2021.05.31"]
[SourceQuality "1"]

1. d4 d5 2. Bf4 c6 3. e3 Bf5 4. c4 e6 5. Nc3 Nf6 6. Qb3 Qd7 7. Nf3 Be7 8. Ne5 Qc8 9. Be2 0-0 10. h3 h6 11. 0-0 Nbd7 12. Rac1 Nxe5 13. Bxe5 Rd8 14. Bf3 Qd7 15. cxd5 exd5 16. Qa4 Qe6 17. b4 a6 18. Qb3 Bd3 19. Be2 Bxe2 20. Nxe2 Rac8 21. a4 Nd7 22. Bg3 Nb6 23. b5 axb5 24. axb5 Nc4 25. Rfd1 Bd6 26. Bxd6 Qxd6 27. bxc6 bxc6 28. Rb1 Rb8 29. Qc3 Qa3 30. Qxa3 Nxa3 31. Ra1 Nc4 32. Ra6 Rdc8 33. Nf4 g5 34. Nd3 Ra8 35. Rda1 Rab8 36. Nc5 Rb2 37. Ra8 Rxa8 38. Rxa8+ Kg7 39. Rc8 Rb6 40. Nd7 Ra6 41. g3 Nd2 42. Ne5 Ra1+ 43. Kg2 Ne4 44. Rc7 Ra2 45. Rxf7+ Kg8 46. Rf5 Rc2 47. Nd7 Kg7 48. h4 Kg6 49. Rf8 Kg7 50. Rf3 g4 51. Rf4 h5 52. Ne5 Kh6 53. Kf1 Rc1+ 54. Ke2 Rc2+ 55. Kd3 Rd2# 0-1

[Event "Kaspersky op U16"]
[Site "Tornelo INT"]
[Date "2021.04.02"]
[Round "4"]
[White "Ser, Daniel"]
[Black "Leon Bermudez, Marcelo"]
[Result "1-0"]
[WhiteElo "1347"]
[BlackElo "1010"]
[PlyCount "71"]
[EventDate "2021.04.02"]
[EventType "swiss (blitz)"]
[EventRounds "11"]
[EventCountry "RUS"]
[SourceTitle "CBM 201 Extra"]
[Source "ChessBase"]
[SourceDate "2021.05.31"]
[SourceVersion "1"]
[SourceVersionDate "2021.05.31"]
[SourceQuality "1"]

1. d4 d5 2. Bf4 Nf6 3. e3 Nc6 4. Nd2 Bf5 5. c4 e6 6. a3 Be7 7. Ngf3 0-0 8. Be2 dxc4 9. Nxc4 a6 10. 0-0 b5 11. Nce5 Nxe5 12. Nxe5 Bd6 13. Rc1 Be4 14. Bf3 Bxf3 15. Qxf3 Bxe5 16. Bxe5 Nd5 17. e4 Ne7 18. Rxc7 Rc8 19. Rfc1 Rxc7 20. Rxc7 Ng6 21. Qg3 Nxe5 22. Qxe5 f6 23. Qxe6+ Kh8 24. Rd7 Qc8 25. g3 Re8 26. Qf7 Rg8 27. e5 fxe5 28. dxe5 Qc1+ 29. Kg2 Qc6+ 30. Qd5 Qg6 31. Rd8 Re8 32. Rxe8+ Qxe8 33. e6 h6 34. Qd7 Qa8+ 35. f3 Kh7 36. e7 1-0

[Event "Online Friendship U12"]
[Site "Tornelo INT"]
[Date "2020.11.21"]
[Round "6.2"]
[White "Agasarov, Benik"]
[Black "Ser, Daniel"]
[Result "1-0"]
[WhiteElo "1699"]
[BlackElo "1710"]
[PlyCount "107"]
[EventDate "2020.11.21"]
[EventType "team-swiss"]
[EventRounds "7"]
[EventCountry "BLR"]
[SourceTitle "CBM 199 Extra"]
[Source "ChessBase"]
[SourceDate "2021.01.31"]
[SourceVersion "1"]
[SourceVersionDate "2021.01.31"]
[SourceQuality "1"]
[WhiteTeam "Armenia"]
[BlackTeam "Lithuania"]
[WhiteTeamCountry "ARM"]
[BlackTeamCountry "LTU"]

1. Nf3 d5 2. c4 c6 3. e3 e6 4. Nc3 Bd6 5. b3 f5 6. Bb2 Nf6 7. Be2 0-0 8. 0-0 Nbd7 9. d3 a6 10. a3 e5 11. b4 b5 12. Rc1 e4 13. Nd4 Ne5 14. cxd5 cxd5 15. dxe4 fxe4 16. Nxd5 Nxd5 17. Nxb5 Be6 18. Nd4 Bf7 19. Nf5 Bc7 20. Qd4 Be6 21. Ng3 Rc8 22. Qxe4 Nf6 23. Qd4 Qxd4 24. Bxd4 Nf7 25. Bxa6 Bxg3 26. Bxc8 Bxh2+ 27. Kxh2 Bxc8 28. Bxf6 gxf6 29. Rc7 Ne5 30. f3 Be6 31. Re7 Bc4 32. Rc1 Rc8 33. Rc3 h5 34. Kg3 h4+ 35. Kh2 Kf8 36. Rh7 Ng6 37. Rh5 Ke7 38. a4 Ke6 39. b5 Ne5 40. Rxh4 Kd5 41. Rd4+ Ke6 42. f4 Ng4+ 43. Kg3 Rc5 44. Rcxc4 Rxc4 45. Rxc4 Nxe3 46. Re4+ Kf5 47. Rxe3 Kg6 48. b6 Kf5 49. b7 Kg6 50. b8Q Kf5 51. Qc8+ Kg6 52. Re7 f5 53. Qe6+ Kh5 54. Rh7# 1-0

[Event "Online Friendship U12"]
[Site "Tornelo INT"]
[Date "2020.11.21"]
[Round "7.2"]
[White "Ser, Daniel"]
[Black "Shuliak, Zakhar"]
[Result "1-0"]
[WhiteElo "1710"]
[BlackElo "1286"]
[PlyCount "57"]
[EventDate "2020.11.21"]
[EventType "team-swiss"]
[EventRounds "7"]
[EventCountry "BLR"]
[SourceTitle "CBM 199 Extra"]
[Source "ChessBase"]
[SourceDate "2021.01.31"]
[SourceVersion "1"]
[SourceVersionDate "2021.01.31"]
[SourceQuality "1"]
[WhiteTeam "Lithuania"]
[BlackTeam "Belarus Vitebsk"]
[WhiteTeamCountry "LTU"]
[BlackTeamCountry "BLR"]

1. d4 d5 2. Bf4 Nf6 3. e3 e6 4. c3 Bd7 5. Nd2 Be7 6. Ngf3 0-0 7. Bd3 Bc8 8. Ne5 Nbd7 9. h3 Nxe5 10. Bxe5 b6 11. f4 Bb7 12. Nf3 Rc8 13. f5 c5 14. fxe6 fxe6 15. 0-0 cxd4 16. exd4 Bd6 17. Bxd6 Qxd6 18. Ne5 Nd7 19. Qh5 Nf6 20. Rxf6 Rxf6 21. Qxh7+ Kf8 22. Qh8+ Ke7 23. Qxg7+ Kd8 24. Qxf6+ Kc7 25. Qf7+ Kb8 26. Rf1 Qc7 27. Qxe6 Ka8 28. Rf7 Qb8 29. Bb5 1-0

[Event "Elitzur Int Online"]
[Site "Chess.com INT"]
[Date "2020.11.01"]
[Round "9"]
[White "Petrova, Irina"]
[Black "Ser, Daniel"]
[Result "0-1"]
[WhiteElo "2077"]
[BlackElo "1347"]
[PlyCount "118"]
[EventDate "2020.11.01"]
[EventType "swiss (blitz)"]
[EventRounds "11"]
[EventCountry "ISR"]
[SourceTitle "CBM 199 Extra"]
[Source "ChessBase"]
[SourceDate "2021.01.31"]
[SourceVersion "1"]
[SourceVersionDate "2021.01.31"]
[SourceQuality "1"]

1. e4 e6 2. d4 d5 3. Nc3 Bb4 4. e5 c5 5. a3 Bxc3+ 6. bxc3 Ne7 7. Qg4 Qc7 8. Qxg7 Rg8 9. Qxh7 cxd4 10. Ne2 dxc3 11. Qd3 Qxe5 12. Qxc3 Qxc3+ 13. Nxc3 Bd7 14. h4 Nf5 15. Bd3 Nd6 16. h5 Nc6 17. h6 f5 18. h7 Rh8 19. Bf4 Ke7 20. 0-0-0 Nf7 21. Rde1 Kf6 22. Nb5 Rac8 23. Nd6 Nxd6 24. Bxd6 Kg7 25. g4 Rxh7 26. Rxh7+ Kxh7 27. gxf5 exf5 28. f4 Kg6 29. Rg1+ Kf6 30. a4 Rh8 31. Ba3 Rh2 32. Bb2+ d4 33. Bb5 Ke6 34. Rg6+ Kd5 35. Bxc6+ Bxc6 36. Rf6 Bxa4 37. Rxf5+ Ke4 38. Rc5 Ke3 39. Re5+ Kxf4 40. Bxd4 Rxc2+ 41. Kb1 Rc4 42. Bb2 b5 43. Re7 Bc2+ 44. Ka1 Ra4+ 45. Ba3 Rxa3+ 46. Kb2 Re3 47. Rf7+ Bf5 48. Rxa7 Bd3 49. Rf7+ Ke5 50. Re7+ Kd4 51. Rd7+ Kc4 52. Rc7+ Kb4 53. Rd7 Re2+ 54. Ka1 Bc4 55. Kb1 Kc3 56. Rd1 b4 57. Rc1+ Kb3 58. Rg1 Bd3+ 59. Ka1 Ra2# 0-1